000 00328pam a2200133 a 4500
020 _a81-7514-005-4
_c
041 _h
082 _a658.562
_bHUT
100 _aHUTCHINS G.,
245 _aTAKING CARE OF BUSINESS
_hTextual Documents
260 _aNEW DELHI
_bVANITY BOOKS INTERNATIONAL
_c1994
300 _aXII+222
930 _a6389
999 _c125860
_d125860